000
00226nam a22001097a 4500
082
_a
494
_b
SHA/V
245
_a
VIKRAM VETHAL
260
_a
DELHI
_b
SHANTI PUBLICATION
300
_a
143
650
_a
STORY HINDI
_z
DELHI
942
_c
BK
999
_c
4838
_d
4838